000 01176cem a22002295a 4500
001 L140388
008 070920r18951677xxk a 0 f eng u
035 _a(Sirsi) u140388
041 0 _aeng
110 2 _aLondon and Middlesex Archaeological Society
_95355
245 0 2 _aA large and accurate map of the City of London, ichnographically describing all the streets, lanes, alleys, courts, yards, churches, halls and houses, &c., actually surveyed and delineated by John Ogilby, Esq., His Majesty's Cosmographer 1677
_bfacsimile reproduction of the map, with reprint in facsimile of Ogilby's 'London survey'd, or an explanation of the large map of London'
_h[cartographic material]
250 _aFacsim.
255 _aScale not given
260 _aLondon
_bLondon and Middlesex Archaeological Society
_c1895
300 _a4 sheets
_bin folder
_c38 x 49 cm.
500 _aLibrary holds sheets 18-21 only.
500 _aLibrary also holds a copy of the facsimile of Ogilby's 'London survey'd...1677' (see L140384).
651 4 _aLondon
690 _aENVIRONMENTAL AND LAND CONSULTANCY-GEOMATICS-MAPPING AND POSITIONING-CARTOGRAPHY
700 1 _aOgilby, John
942 _n0
999 _c116859
_d116859